01181cam a2200301 a 4500001000500000005001700005020001800022040005200040050001500092082001100107100001900118245009600137250004600233260003400279300005700313505000800370520019800378521002300576521002000599650005000619650004500669650004000714650003000754650002200784650002400806650001900830700003000849253420250826092109.0 a9780545346405 aDLCcDLCdIG#dBTCTAdQBXdYDXCPdXY4dDLCbeng00aQL696.S47300a598.471 aMarzollo, Jean10aPierre the penguin :bA true story /cWritten by Jean Marzollo ; illustrated by Laura Regan aThis edition first printing, October 2011 aNew York :bScholastic,c2011 a29 unnumbered pages : bcolor illustrations ;c24 cm aK  aRhyming text and colorful illustrations describe the efforts of aquatic biologist Pam to help Pierre, an African penguin living at the California Academy of Sciences, when he begins to go bald. a510 AD bLexile  aK bRaz-Plus  0aJackass penguinxHealthvJuvenile literature. 0aFeathersxDiseasesvJuvenile literature. 0aBathing suitsvJuvenile literature. 1aAfrican penguinsxHealth. 1aPenguinsxHealth. 1aFeathersxDiseases. 1aBathing suits.1 aRegan, Lauraeillustrator